International journal of innovation in English language teaching and research

Bibliographic Details
Format: Electronic Journal
Language:English
Published: Hauppauge, New York : Nova Science Publishers, Inc., 2012-
Subjects:
Online Access:Full text available from Research Library: 01/01/2012 to 07/31/2014

MARC

LEADER 00000nas a22000007i 4500
001 ssj0001454269
003 WaSeSS
005 20200512172242.0
006 m d
007 cr n
008 140725c20129999nyufr p s 0 a0eng
010 |a  2014202911 
022 |a 2374-099X  |y 2156-5716 
035 |a (WaSeSS)ssj0001454269 
037 |b Nova Science Publishers, Inc., 400 Oser Avenue, Suite 1600, Hauppauge, NY 11788-3619 
040 |a DLC  |b eng  |c DLC  |d OCLCO  |d COO  |d OCLCQ  |d AU@  |d WaSeSS 
042 |a pcc  |a nsdp 
082 1 0 |a 428  |2 14 
222 0 |a International journal of innovation in English language teaching and research  |b (Online) 
245 0 0 |a International journal of innovation in English language teaching and research  |h [electronic resource]. 
246 3 |a IJIELTR 
260 |a Hauppauge, New York :  |b Nova Science Publishers, Inc.,  |c 2012- 
310 |a Twice a year 
362 1 |a Began with: Volume 1, issue 1 (2012). 
506 |a License restrictions may limit access. 
588 |a Description based on: Volume. 1, issue 1 (2012); title from PDF cover image (Nova Science website, viewed on July 25, 2014). 
588 |a Latest issue consulted: Volume. 1, issue 2 (2012) (viewed on July 25, 2014). 
650 0 |a English language  |x Study and teaching  |x Foreign speakers  |v Periodicals. 
650 0 |a English teachers  |x Training of  |v Periodicals. 
650 7 |a English language  |x Study and teaching  |x Foreign speakers.  |2 fast  |0 (OCoLC)fst00911692 
650 7 |a English teachers  |x Training of.  |2 fast  |0 (OCoLC)fst00912406 
655 0 |a Electronic journals. 
776 0 8 |i Print version:  |t International journal of innovation in English language teaching and research  |x 2156-5716  |w (DLC) 2010202416  |w (OCoLC)648964927 
856 4 0 |z Full text available from Research Library: 01/01/2012 to 07/31/2014  |u https://search.proquest.com/publication/2034865